ASOIAF - Dragon Nicknames - Statistics

General Stats
  • This quiz has been taken 121 times
  • The average score is 5 of 8
Answer Stats
Dragon Nickname % Correct
Balerion The Black Dread
95%
Meleys The Red Queen
78%
Vermithor The Bronze Fury
74%
Caraxes The Blood Wyrm
73%
Tessarion The Blue Queen
63%
Sunfyre The Golden
58%
Vhagar The Queen of All Dragons
35%
Meraxes The Silver Queen
22%
No matching quizzes found
Score Distribution
Percent of People with Each Score
Percentile by Number Answered
Your Score History
You have not taken this quiz